LEADER 01178cam0-22004331i-450- 001 990000251860403321 005 20050623084031.0 010 $a3-540-90155-8 035 $a000025186 035 $aFED01000025186 035 $a(Aleph)000025186FED01 035 $a000025186 100 $a20020821d1975----km-y0itay50------ba 101 0 $aeng 105 $ay-------001yy 200 1 $aDeterministic and stochastic optimal control$fWendell H. Fleming, Raymond W. Rishel 210 $aBerlin [etc.]$cSpringer$d1975 215 $a222 p.$d24 cm 225 1 $aApplications of mathematics$v1 610 0 $aProbabilità e statistica 610 0 $aTeoria del controllo 676 $a629 676 $a629.8 700 1$aFleming,$bWendell H. 702 1$aRishel,$bRaymond W. 801 0$aIT$bUNINA$gRICA$2UNIMARC 901 $aBK 912 $a990000251860403321 952 $aMXVI-C-31$b2538$fMAS 952 $a09 042-016$b1050/L$fDINAE 952 $a10 D III 237$b8776$fDINEL 952 $aC-39-(1$b178226$fMA1 952 $a02 51 A 14$b3716$fFINBN 959 $aDINAE 959 $aDINEL 959 $aMAS 959 $aMA1 959 $aFINBN 997 $aUNINA LEADER 01033nas 2200373 c 450 001 9910146876503321 005 20260218113038.0 035 $a(CKB)1000000000525781 035 $a(OCoLC)643922034 035 $a(DE-101)978459229 035 $a(DE-599)ZDB2221275-9 035 $a(DE-599)2221275-9 035 $a(EXLCZ)991000000000525781 100 $a20060208b20052011 |y | 101 0 $ager 135 $aur||||||||||| 181 $ctxt$2rdacontent 182 $cc$2rdamedia 183 $acr$2rdacarrier 200 10$aMitteilungen / Sonderforschungsbereich 573, Pluralisierung und Autorität in der Frühen Neuzeit, 15. - 17. Jahrhundert 210 31$aMu?nchen$d2005-2011 215 $aOnline-Ressource 300 $aGesehen am 25.10.11 311 08$a1860-6717 517 $aMitteilungen 608 $aZeitschrift$2gnd-content 676 $a940 801 0$b0019 801 1$bDE-101 801 2$b9999 906 $aJOURNAL 912 $a9910146876503321 996 $aMitteilungen$91921076 997 $aUNINA